000
00215 a2200097 4500
001
48807
100
_a
Chesmond
245
_a
Control system technology
260
_a
Londan
_b
Edward Arnold
_c
090
_c
31707
_d
31707
942
_a
NUST-CAE
_c
M
_c
24122
999
_c
283880
_d
283880